| 000 | 00938cam a22002414a 4500 | ||
|---|---|---|---|
| 001 | 13986562 | ||
| 005 | 20251121124049.0 | ||
| 008 | 050531s2005 enka b 001 0 eng | ||
| 020 | _a1844071294 | ||
| 020 | _a9781844071296 | ||
| 050 | 0 | 0 |
_aTH7674 _b.N37 2005 |
| 082 | 0 | 0 |
_a697.9/2/091732 _222 |
| 245 | 0 | 0 |
_aNatural ventilation in the urban environment : _bassessment and design / _cedited by Cristian Ghiaus and Francis Allard. |
| 260 |
_aLondon ; _aSterling, VA : _bEarthscan, _c2007. |
||
| 300 |
_axix, 241 p. : _bill. ; _c24 cm. + _e1 CD-ROM (4 3/4 in.) |
||
| 440 | 0 | _aBuildings, energy, solar technology | |
| 650 | 0 | _aNatural ventilation. | |
| 700 | 1 | _aGhiaus, Cristian. | |
| 700 | 1 | _aAllard, Francis. | |
| 856 | 4 | 1 |
_3Table of contents _uhttp://www.loc.gov/catdir/toc/ecip0514/2005015718.html |
| 856 | 4 | 2 |
_3Contributor biographical information _uhttp://www.loc.gov/catdir/enhancements/fy1111/2005015718-b.html |
| 942 |
_2lcc _cBK _n0 |
||
| 999 |
_c8300 _d8300 |
||